Statistics for Disney Princesses - By Image

Click here to take the quiz!

General Stats

  • This quiz has been taken 148 times
  • The average score is 10 of 12

Answer Stats

Answer% Correct
Snow-white
98%
Belle
89%
Elsa
89%
Jasmine
89%
Cinderella
88%
Tiana
83%
Mulan
79%
Aurora
77%
Ariel
76%
Merida
76%
Rapunzel
74%
Pocahontas
67%

Score Distribution

Percentile by Number Answered

Percent of People with Each Score

Your Score History

You have not taken this quiz